| 000 | 00437nam a2200169Ia 4500 | ||
|---|---|---|---|
| 999 |
_c10404 _d10404 |
||
| 003 | OSt | ||
| 005 | 20220316162301.0 | ||
| 008 | 220308s9999 xx 000 0 und d | ||
| 020 | _a9783037786123 | ||
| 082 |
_a720.47 _bBEN |
||
| 100 | _aBenedito, Silvia | ||
| 245 | 0 | _aAtmosphere anatomies : on design, weather, and sensation | |
| 260 | _b Lars Muller Publishers; 1st edition | ||
| 365 | _cGBP | ||
| 365 | _d33 | ||
| 942 | _2ddc | ||